[Event "Tch-CRO 1stB Liga 2017"]
[Site "Mali Losinj"]
[Date "2017.10.04"]
[Round "7.43"]
[White "Repka, Christopher"]
[Black "Galic, Ivan"]
[Result "1-0"]
[WhiteElo "2475"]
[BlackElo "2395"]
[PlyCount "104"]
[EventDate "2017.09.28"]
[EventType "team"]
[EventRounds "9"]
[EventCountry "CRO"]

1. d4 Nf6 2. f4 d5 3. Nf3 g6 4. e3 Bg7 5. Bd3 c5 6. c3 O-O 7. O-O b6 8. Qe2 e6
9. a4 Bb7 10. Nbd2 cxd4 11. exd4 a6 12. Ne5 Nbd7 13. Ndf3 Ne4 14. Bxe4 dxe4 15.
Ng5 Nf6 16. b3 Qc7 17. Ba3 Qxc3 18. Bxf8 Qxd4+ 19. Kh1 Rxf8 20. Rac1 Qd6 21.
Rfd1 Qe7 22. Nc6 Qc7 23. Ne5 Qe7 24. Nc6 Qc7 25. b4 Bxc6 26. b5 axb5 27. axb5
Bxb5 28. Qxb5 Qxf4 29. Rf1 Qh4 30. Nh3 Nd5 31. Qd7 Bc3 32. Nf4 Nxf4 33. Rxc3
Qg4 34. Qd2 Nd5 35. Rc4 e3 36. Qc2 Qg5 37. Rc8 Rxc8 38. Qxc8+ Kg7 39. Qd7 Nf4
40. Qd4+ e5 41. Qe4 Kh6 42. g3 Nh3 43. Kg2 Nf2 44. Qf3 Kg7 45. Re1 Nd3 46. Rxe3
Nc5 47. Re2 e4 48. Qc3+ Kh6 49. Rf2 Qd5 50. Qf6 Nd3 51. Qxf7 Ne1+ 52. Kf1 Nd3
1-0

[Event "Tch-CRO 1stB Liga 2017"]
[Site "Mali Losinj"]
[Date "2017.10.04"]
[Round "7.44"]
[White "Bender, Ivan"]
[Black "Vujakovic, Branko"]
[Result "1-0"]
[WhiteElo "2231"]
[BlackElo "2355"]
[PlyCount "169"]
[EventDate "2017.09.28"]
[EventType "team"]
[EventRounds "9"]
[EventCountry "CRO"]

1. d4 Nf6 2. Nf3 g6 3. e3 Bg7 4. Be2 O-O 5. O-O d5 6. Nbd2 Nc6 7. c3 Re8 8. b4
a6 9. b5 axb5 10. Bxb5 Nd7 11. a4 e5 12. Nb3 e4 13. Nfd2 Na5 14. Nxa5 Rxa5 15.
Nb3 Ra8 16. a5 c6 17. Ba4 b5 18. axb6 Qxb6 19. Nd2 Ba6 20. Rb1 Qc7 21. Re1 Bf8
22. Bb3 Nb6 23. Bb2 Bd6 24. h3 Bd3 25. Bc2 Bb5 26. Ra1 Rxa1 27. Qxa1 Ra8 28.
Qc1 Qa7 29. Bxe4 dxe4 30. c4 Nxc4 31. Nxc4 Bb4 32. Bc3 Bxc4 33. Bxb4 Bd5 34.
Bd6 Kg7 35. Qb2 Qd7 36. Qb4 g5 37. Bg3 Kg6 38. Qb1 Kg7 39. Kh2 f6 40. Re2 Rf8
41. Rb2 Rf7 42. Rb8 h6 43. Qb6 Kg6 44. Rd8 Qe6 45. Qb1 Rg7 46. Rd6 Qc8 47. Be5
Rf7 48. g4 Kg7 49. Bg3 Rb7 50. Qc2 Qe8 51. Qc5 Rd7 52. Rxd7+ Qxd7 53. Qb4 Qe8
54. Qb7+ Qf7 55. Qb8 h5 56. gxh5 Qxh5 57. Qd6 Qf3 58. h4 gxh4 59. Bxh4 Kf7 60.
Qd7+ Kg6 61. Qe8+ Kg7 62. Qd7+ Kg6 63. Qe8+ Bf7 64. Qxc6 Qf5 65. Qd6 Be6 66.
Qg3+ Kh5 67. Kg1 Bc4 68. Qh2 Qg4+ 69. Bg3+ Kg6 70. Qh8 Bf7 71. Kh2 Be6 72. Bf4
Qf5 73. Qh6+ Kf7 74. Bg3 Bc4 75. Qf4 Qh5+ 76. Bh4 Bd5 77. Qxf6+ Kg8 78. Kg3 Kh7
79. Bg5 Qf7 80. Kf4 Qd7 81. Qf5+ Qxf5+ 82. Kxf5 Bb7 83. Bh4 Kg7 84. Ke5 Kf7 85.
d5 1-0

[Event "Tch-CRO 1stB Liga 2017"]
[Site "Mali Losinj"]
[Date "2017.10.04"]
[Round "7.45"]
[White "Blazeka, Matej"]
[Black "Brnas, Augustin"]
[Result "0-1"]
[WhiteElo "2325"]
[BlackElo "2203"]
[PlyCount "110"]
[EventDate "2017.09.28"]
[EventType "team"]
[EventRounds "9"]
[EventCountry "CRO"]

1. e4 e5 2. Nf3 Nc6 3. Nc3 Nf6 4. h3 Bb4 5. Bd3 O-O 6. O-O d5 7. exd5 Nxd5 8.
Re1 Nf4 9. Bc4 Bc5 10. Ne4 Bb6 11. d3 Ne6 12. c3 h6 13. b4 a6 14. a4 Re8 15.
Rb1 Nf8 16. b5 axb5 17. axb5 Na5 18. Ba2 Be6 19. Bxe6 Rxe6 20. Qc2 Nd7 21. c4
c5 22. g4 Bc7 23. Ng3 Bd6 24. Bb2 g6 25. Re2 Qc7 26. Rbe1 b6 27. h4 Rae8 28. h5
Bf8 29. hxg6 fxg6 30. Kg2 Bg7 31. Ne4 Nb7 32. Qd2 Nd8 33. Nh4 Rf8 34. Kh3 Kh7
35. Qe3 Ree8 36. Nc3 Ne6 37. Nd5 Qd6 38. Kg2 Ng5 39. Qg3 Rf7 40. Re3 Ref8 41.
R1e2 Ne6 42. Qh2 Ng5 43. Kg1 Qb8 44. Qg2 Qd8 45. Kf1 Ne6 46. Nf3 Nd4 47. Nxd4
cxd4 48. Rh3 Qg5 49. Kg1 Nc5 50. Kh2 e4 51. Nb4 Rf4 52. Rg3 Be5 53. Bc1 e3 54.
fxe3 Rxg4 55. exd4 Qh4+ 0-1

[Event "Tch-CRO 1stB Liga 2017"]
[Site "Mali Losinj"]
[Date "2017.10.04"]
[Round "7.46"]
[White "Ivankovic, Ivo"]
[Black "Brumen, Dinko"]
[Result "0-1"]
[WhiteElo "2129"]
[BlackElo "2338"]
[PlyCount "58"]
[EventDate "2017.09.28"]
[EventType "team"]
[EventRounds "9"]
[EventCountry "CRO"]

1. d4 Nf6 2. Nf3 d5 3. e3 c5 4. Be2 Nc6 5. O-O Bf5 6. dxc5 e6 7. Nd4 Bxc5 8.
Nxf5 exf5 9. c3 O-O 10. Nd2 Ne4 11. Nf3 Re8 12. Nd4 g6 13. Re1 Bd6 14. g3 h5
15. c4 h4 16. Nf3 hxg3 17. hxg3 Ne5 18. Qxd5 Ng4 19. Rf1 Qf6 20. Nd4 Re5 21.
Qxb7 Rb8 22. Qxa7 Qh8 23. Nf3 Qh3 24. Qd4 Ng5 25. Qxg4 fxg4 26. Nh2 Re4 27. Kh1
Nf3 28. Bxf3 gxf3 29. Rg1 Qxh2+ 0-1

[Event "Tch-CRO 1stB Liga 2017"]
[Site "Mali Losinj"]
[Date "2017.10.04"]
[Round "7.51"]
[White "Brkic, Ante"]
[Black "Sedlak, Nikola"]
[Result "1-0"]
[WhiteElo "2563"]
[BlackElo "2547"]
[PlyCount "109"]
[EventDate "2017.09.28"]
[EventType "team"]
[EventRounds "9"]
[EventCountry "CRO"]

1. e4 e6 2. d4 d5 3. Nc3 Bb4 4. e5 c5 5. a3 Bxc3+ 6. bxc3 Qc7 7. Qg4 f5 8. Qh5+
g6 9. Qd1 Bd7 10. Nf3 cxd4 11. cxd4 Ba4 12. Bd2 Nc6 13. Bd3 h6 14. h4 Nge7 15.
Qc1 O-O-O 16. Qb2 Kb8 17. Bb4 Nc8 18. Rh3 Qb6 19. Bc3 Qxb2 20. Bxb2 Nb6 21. Rg3
Rdg8 22. Ng1 Na8 23. Ne2 g5 24. Kd2 Nd8 25. Rh1 Nf7 26. Bc3 Kc8 27. Bb4 Kd7 28.
Rgh3 g4 29. Re3 Nc7 30. Nf4 h5 31. Bxf5 Rh6 32. Bd3 Bb5 33. Rc1 Bxd3 34. Rxd3
b6 35. a4 Na6 36. Ba3 Rc8 37. c4 Rxc4 38. Rxc4 dxc4 39. Rc3 Nc7 40. Rxc4 Nd5
41. Nxd5 exd5 42. Rc1 Rc6 43. Rxc6 Kxc6 44. Ke3 Kd7 45. f3 Nh6 46. fxg4 Nxg4+
47. Kf4 Ke6 48. Kg5 Ne3 49. Kxh5 Nxg2 50. Kg5 Ne1 51. h5 Nf3+ 52. Kg6 Nxd4 53.
h6 Nc6 54. Bb2 d4 55. Bxd4 1-0

[Event "Tch-CRO 1stB Liga 2017"]
[Site "Mali Losinj"]
[Date "2017.10.04"]
[Round "7.52"]
[White "Nemeth, Miklos"]
[Black "Petkov, Vladimir"]
[Result "1/2-1/2"]
[WhiteElo "2489"]
[BlackElo "2495"]
[PlyCount "53"]
[EventDate "2017.09.28"]
[EventType "team"]
[EventRounds "9"]
[EventCountry "CRO"]

1. e4 e5 2. Nf3 Nc6 3. Bc4 Bc5 4. a3 Nf6 5. d3 d6 6. Nc3 a6 7. Bg5 h6 8. Be3
Bxe3 9. fxe3 Be6 10. Bxe6 fxe6 11. d4 O-O 12. Qd3 Qe8 13. O-O-O b5 14. Rhg1 Rb8
15. Rdf1 exd4 16. exd4 b4 17. axb4 Nxb4 18. Qe2 Qc6 19. g4 d5 20. g5 Nxe4 21.
Nxe4 dxe4 22. Ne5 Rxf1+ 23. Rxf1 Qa4 24. Qf2 hxg5 25. Qf7+ Kh8 26. Qh5+ Kg8 27.
Qf7+ 1/2-1/2

[Event "Tch-CRO 1stB Liga 2017"]
[Site "Mali Losinj"]
[Date "2017.10.04"]
[Round "7.53"]
[White "Stocko, Josip"]
[Black "Krstic, Uros"]
[Result "1-0"]
[WhiteElo "2362"]
[BlackElo "2395"]
[PlyCount "61"]
[EventDate "2017.09.28"]
[EventType "team"]
[EventRounds "9"]
[EventCountry "CRO"]

1. e4 e5 2. Nf3 Nc6 3. Bc4 Nf6 4. d3 h6 5. O-O d6 6. c3 g6 7. d4 Qe7 8. Re1 Bg7
9. Nbd2 O-O 10. h3 Kh7 11. Nf1 exd4 12. cxd4 Nxe4 13. d5 Nb4 14. Ng3 f5 15. a3
Na6 16. Ra2 Bd7 17. b4 Rae8 18. Rae2 Nb8 19. Bd3 Qf7 20. Nxe4 fxe4 21. Bxe4 Bb5
22. Re3 Nd7 23. a4 Bc4 24. Qc2 Nb6 25. Nh4 Rxe4 26. Rxe4 Qxd5 27. Nxg6 Bd3 28.
Nxf8+ Kg8 29. Qxc7 Bxe4 30. Nd7 Nc4 31. Bxh6 1-0

[Event "Tch-CRO 1stB Liga 2017"]
[Site "Mali Losinj"]
[Date "2017.10.04"]
[Round "7.54"]
[White "Trbojevic, Mladen"]
[Black "Goric, Esad"]
[Result "1/2-1/2"]
[WhiteElo "2338"]
[BlackElo "2285"]
[PlyCount "79"]
[EventDate "2017.09.28"]
[EventType "team"]
[EventRounds "9"]
[EventCountry "CRO"]

1. e4 d5 2. exd5 Qxd5 3. Nf3 Nf6 4. Be2 c6 5. d4 Bg4 6. O-O e6 7. c4 Qd8 8. Be3
Be7 9. Nc3 O-O 10. h3 Bh5 11. g4 Bg6 12. Ne5 Nfd7 13. Nxg6 hxg6 14. Qd2 Na6 15.
Rad1 Bb4 16. a3 Bxc3 17. Qxc3 Nc7 18. Bf4 Re8 19. Qg3 Rc8 20. Rfe1 a5 21. Qb3
b5 22. Bxc7 Qxc7 23. cxb5 cxb5 24. Bxb5 Red8 25. d5 Nc5 26. Qf3 exd5 27. Rxd5
Rxd5 28. Qxd5 Ne6 29. Qe5 Qa7 30. Rd1 Rc2 31. Qg3 Qc5 32. Bf1 Rxb2 33. a4 Rc2
34. Qe3 Qxe3 35. fxe3 Kf8 36. Rd5 Rc5 37. Rd7 Rc7 38. Rd5 Rc5 39. Rd7 Rc7 40.
Rd5 1/2-1/2

[Event "Tch-CRO 1stB Liga 2017"]
[Site "Mali Losinj"]
[Date "2017.10.04"]
[Round "7.55"]
[White "Pucovski, Miroslav"]
[Black "Vernacki, Srdjan"]
[Result "0-1"]
[WhiteElo "2291"]
[BlackElo "2324"]
[PlyCount "112"]
[EventDate "2017.09.28"]
[EventType "team"]
[EventRounds "9"]
[EventCountry "CRO"]

1. e4 c5 2. c3 Nf6 3. e5 Nd5 4. Bc4 e6 5. Nf3 b6 6. O-O Bb7 7. d4 cxd4 8. cxd4
Be7 9. Bd2 Na6 10. Nc3 Nac7 11. Re1 O-O 12. Qe2 f5 13. Rec1 h6 14. Nxd5 Nxd5
15. Ba6 Bc6 16. Bb5 Bb7 17. Ba6 Bc6 18. Bb5 Bxb5 19. Qxb5 a6 20. Qe2 Qe8 21.
Ne1 g5 22. Nd3 Qg6 23. f3 h5 24. a3 Rfc8 25. Bb4 Qe8 26. Bxe7 Qxe7 27. Qd2 a5
28. Rxc8+ Rxc8 29. Rc1 Rxc1+ 30. Qxc1 Qd8 31. h4 g4 32. g3 Kg7 33. Kf2 Qe8 34.
Qg5+ Qg6 35. Qxg6+ Kxg6 36. f4 Kf7 37. Ke2 Ke7 38. Ne1 Kd8 39. Nc2 Kc7 40. b3
Nc3+ 41. Kd3 Ne4 42. d5 Nxg3 43. dxe6 dxe6 44. Nd4 Kd7 45. Kc4 Ne4 46. Kb5 g3
47. Kxb6 Nd2 48. b4 axb4 49. axb4 g2 50. Ne2 Nf3 51. b5 g1=Q+ 52. Nxg1 Nxg1 53.
Ka7 Ne2 54. b6 Nd4 55. Kb7 Nc6 56. Ka8 Kc8 0-1

[Event "Tch-CRO 1stB Liga 2017"]
[Site "Mali Losinj"]
[Date "2017.10.04"]
[Round "7.56"]
[White "Tomasic, Roland"]
[Black "Bubalovic, Davorin"]
[Result "1/2-1/2"]
[WhiteElo "2177"]
[BlackElo "2241"]
[PlyCount "136"]
[EventDate "2017.09.28"]
[EventType "team"]
[EventRounds "9"]
[EventCountry "CRO"]

1. e4 c5 2. Nf3 e6 3. d4 cxd4 4. Nxd4 a6 5. Nc3 Qc7 6. g3 Bb4 7. Nde2 Be7 8.
Bg2 Nf6 9. O-O d6 10. h3 Nc6 11. a4 b6 12. f4 Bb7 13. f5 O-O 14. Nf4 Qc8 15.
Be3 Ne5 16. Nd3 Nc4 17. Bc1 Nd7 18. fxe6 fxe6 19. Rxf8+ Nxf8 20. Ne2 Bf6 21.
Ra2 Ne5 22. b3 Qc7 23. c4 b5 24. axb5 axb5 25. Rxa8 Bxa8 26. cxb5 Qb6+ 27. Nf2
Qxb5 28. Ba3 d5 29. exd5 Bxd5 30. Bxd5 Qxd5 31. Qxd5 exd5 32. Nf4 Nf3+ 33. Kg2
Nd2 34. b4 Nc4 35. Bc1 d4 36. Kf3 Nd7 37. Ke4 Ndb6 38. Ng4 Nd6+ 39. Kd3 Be7 40.
Ne5 Nb5 41. Nc4 Nd7 42. Nd5 Bf8 43. Bf4 Kf7 44. Bd2 Ke6 45. Nf4+ Kf7 46. Ne2
Nb8 47. Nxd4 Nxd4 48. Ne5+ Ke6 49. Kxd4 Bd6 50. Nd3 Bxg3 51. Nc5+ Ke7 52. Bg5+
Ke8 53. Kd5 h6 54. Be3 g5 55. Ke6 Bf4 56. Bf2 h5 57. Nd3 Bh2 58. Ne1 Na6 59.
Kf5 Nxb4 60. Kxg5 Nd5 61. Ng2 Kf7 62. Kf5 Ne7+ 63. Kg5 Nd5 64. Bh4 Bc7 65. Kf5
Bd6 66. Bg5 Be7 67. h4 Bd6 68. Ne1 Ne7+ 1/2-1/2

[Event "Tch-CRO 1stB Liga 2017"]
[Site "Mali Losinj"]
[Date "2017.10.05"]
[Round "8.11"]
[White "Stojanovski, Dejan"]
[Black "Sedlak, Nikola"]
[Result "0-1"]
[WhiteElo "2454"]
[BlackElo "2547"]
[PlyCount "84"]
[EventDate "2017.09.28"]
[EventType "team"]
[EventRounds "9"]
[EventCountry "CRO"]

1. e4 c6 2. d4 d5 3. exd5 cxd5 4. c4 Nf6 5. Nc3 Nc6 6. Nf3 Be6 7. c5 g6 8. Bb5
Bg7 9. O-O O-O 10. h3 Ne4 11. Be3 h6 12. Rc1 g5 13. Qa4 Qc7 14. Rfd1 f5 15.
Nxe4 fxe4 16. Nd2 g4 17. hxg4 Bxg4 18. Re1 h5 19. Be2 Qd7 20. Bxg4 Qxg4 21. Nf1
h4 22. Qd1 Qg6 23. b4 h3 24. Ng3 a6 25. gxh3 Rf3 26. Kh2 Kf7 27. Rb1 Rh8 28.
Kg2 Bh6 29. Rb3 Bf4 30. Bc1 Bxg3 31. Rxf3+ exf3+ 32. Qxf3+ Bf4+ 33. Kf1 Rh4 34.
Bxf4 Qf5 35. Re5 Nxe5 36. Qxd5+ Qe6 37. Qxe5 Rxh3 38. d5 Qg4 39. Bh2 Rd3 40.
Bg3 Qd1+ 41. Qe1 Rxd5 42. Bf4 Qf3 0-1

[Event "Tch-CRO 1stB Liga 2017"]
[Site "Mali Losinj"]
[Date "2017.10.05"]
[Round "8.12"]
[White "Nemeth, Miklos"]
[Black "Saric, Ante"]
[Result "1/2-1/2"]
[WhiteElo "2489"]
[BlackElo "2549"]
[PlyCount "54"]
[EventDate "2017.09.28"]
[EventType "team"]
[EventRounds "9"]
[EventCountry "CRO"]

1. e4 e6 2. d4 d5 3. Nd2 c5 4. exd5 Qxd5 5. Ngf3 cxd4 6. Bc4 Qd6 7. O-O Nf6 8.
Nb3 Nc6 9. Nbxd4 Nxd4 10. Nxd4 Be7 11. b3 O-O 12. Bb2 Qf4 13. Qf3 Qxf3 14. Nxf3
b6 15. Ne5 Bb7 16. Rad1 Rfd8 17. Be2 Bc5 18. Rxd8+ Rxd8 19. Rd1 Rxd1+ 20. Bxd1
Kf8 21. Kf1 Ke7 22. c4 g6 23. Bf3 Bxf3 24. gxf3 a5 25. Nc6+ Kd7 26. Ne5+ Ke7
27. Nc6+ Kd7 1/2-1/2

[Event "Tch-CRO 1stB Liga 2017"]
[Site "Mali Losinj"]
[Date "2017.10.05"]
[Round "8.13"]
[White "Saric, Ibro"]
[Black "Krstic, Uros"]
[Result "1-0"]
[WhiteElo "2553"]
[BlackElo "2395"]
[PlyCount "91"]
[EventDate "2017.09.28"]
[EventType "team"]
[EventRounds "9"]
[EventCountry "CRO"]

1. d4 Nf6 2. Nf3 g6 3. Nbd2 d5 4. e3 Bg7 5. b4 a5 6. b5 c5 7. bxc6 bxc6 8. Ba3
O-O 9. Be2 Ba6 10. O-O Re8 11. Rb1 Qc8 12. c4 Nbd7 13. Rc1 Qb7 14. cxd5 cxd5
15. Bxa6 Qxa6 16. Rc7 e6 17. Qa4 Nb6 18. Qc6 Nbd7 19. Qxa6 Rxa6 20. Rb1 Raa8
21. Rbb7 Rec8 22. Rxc8+ Rxc8 23. g4 h6 24. h4 g5 25. hxg5 hxg5 26. Nxg5 Rc2 27.
Ndf3 Rxa2 28. Bd6 a4 29. Ra7 Bf8 30. Bxf8 Kxf8 31. Nxf7 Kxf7 32. g5 Ke8 33.
gxf6 Nxf6 34. Ng5 Ne4 35. Nxe4 dxe4 36. Kg2 a3 37. Kg3 Kd8 38. Kf4 Rxf2+ 39.
Ke5 a2 40. Kxe6 Re2 41. d5 Kc8 42. d6 Kb8 43. Ra4 Rd2 44. d7 Kc7 45. Rc4+ Kd8
46. Rc8# 1-0

[Event "Tch-CRO 1stB Liga 2017"]
[Site "Mali Losinj"]
[Date "2017.10.05"]
[Round "8.14"]
[White "Trbojevic, Mladen"]
[Black "Plenca, Julijan"]
[Result "1/2-1/2"]
[WhiteElo "2338"]
[BlackElo "2416"]
[PlyCount "104"]
[EventDate "2017.09.28"]
[EventType "team"]
[EventRounds "9"]
[EventCountry "CRO"]

1. e4 c5 2. c3 d6 3. d4 Nf6 4. Bd3 g6 5. dxc5 dxc5 6. e5 Nd5 7. Be4 Nb6 8.
Qxd8+ Kxd8 9. Na3 Nc6 10. f4 Bh6 11. Nf3 Be6 12. Be3 Kc8 13. g3 Nd7 14. O-O a6
15. c4 Ncxe5 16. Nxe5 Nxe5 17. Bxc5 Nc6 18. f5 gxf5 19. Bxf5 Bxf5 20. Rxf5 f6
21. Re1 Bf8 22. Bb6 Ne5 23. Rd1 Bg7 24. Nc2 Nd7 25. Be3 e6 26. Rf2 Kc7 27. Rfd2
Rad8 28. Rd6 Rhe8 29. b4 Bf8 30. R6d3 Be7 31. a3 Ne5 32. Bf4 Rxd3 33. Rxd3 Bd6
34. Rc3 Nc6 35. Bxd6+ Kxd6 36. Kf2 Ne5 37. h3 Ke7 38. Nd4 f5 39. c5 Kf6 40. a4
Rc8 41. Ke2 Rd8 42. Ke3 Nc6 43. Nc2 e5 44. Rd3 f4+ 45. gxf4 exf4+ 46. Ke4 Rxd3
47. Kxd3 Ke5 48. b5 axb5 49. axb5 Nd8 50. Nd4 Kd5 51. c6 bxc6 52. bxc6 Nxc6
1/2-1/2

[Event "Tch-CRO 1stB Liga 2017"]
[Site "Mali Losinj"]
[Date "2017.10.05"]
[Round "8.15"]
[White "Matko, Ognjen"]
[Black "Vernacki, Srdjan"]
[Result "1/2-1/2"]
[WhiteElo "2330"]
[BlackElo "2324"]
[PlyCount "97"]
[EventDate "2017.09.28"]
[EventType "team"]
[EventRounds "9"]
[EventCountry "CRO"]

1. Nf3 c5 2. c4 Nf6 3. g3 b6 4. Bg2 Bb7 5. O-O e6 6. Nc3 Be7 7. d4 cxd4 8. Qxd4
d6 9. Bg5 h6 10. Bxf6 Bxf6 11. Qf4 Bxc3 12. bxc3 O-O 13. Rfd1 Na6 14. Rxd6 Qe7
15. Rad1 Rad8 16. Qd4 Rxd6 17. Qxd6 Qxd6 18. Rxd6 Bxf3 19. Bxf3 Nc5 20. Kf1 Rc8
21. Ke1 Kf8 22. Rc6 Rxc6 23. Bxc6 Ke7 24. f3 Kd6 25. Be8 f5 26. Kd2 g5 27. Ke3
e5 28. Kd2 f4 29. e3 Ke7 30. Bh5 Kd6 31. exf4 exf4 32. gxf4 gxf4 33. Bg4 Ke5
34. Bc8 Na4 35. Kc2 Nc5 36. Kd2 Kd6 37. Kc2 Kc7 38. Bf5 Kd8 39. Kd2 Ke7 40. Bc8
Kf6 41. Kc2 Ke5 42. Kd2 Kd6 43. Kc2 Kc7 44. Bf5 Kd6 45. Bc8 a5 46. Kd2 Kc7 47.
Bf5 Kd6 48. Bc8 Ke5 49. Kc2 1/2-1/2

[Event "Tch-CRO 1stB Liga 2017"]
[Site "Mali Losinj"]
[Date "2017.10.05"]
[Round "8.16"]
[White "Tomasic, Roland"]
[Black "Bobanac, Miro"]
[Result "0-1"]
[WhiteElo "2177"]
[BlackElo "2292"]
[PlyCount "140"]
[EventDate "2017.09.28"]
[EventType "team"]
[EventRounds "9"]
[EventCountry "CRO"]

1. e4 c5 2. Nf3 e6 3. d4 cxd4 4. Nxd4 a6 5. Be3 Qc7 6. Bd3 Nf6 7. O-O b5 8. Nd2
Bb7 9. Qe2 Nc6 10. N4b3 Ne5 11. h3 Be7 12. a4 Nxd3 13. cxd3 O-O 14. Rfc1 Qb8
15. a5 Rc8 16. Rxc8+ Qxc8 17. Rc1 Qf8 18. Nc5 Bc8 19. g4 d6 20. Ncb3 h6 21. f4
e5 22. f5 Nd7 23. Nf3 Qd8 24. Qg2 Bb7 25. g5 hxg5 26. Nxg5 Rc8 27. Rf1 Bf6 28.
h4 Nc5 29. Nc1 d5 30. b4 Na4 31. h5 Kf8 32. h6 gxh6 33. Nxf7 Kxf7 34. Qg6+ Ke7
35. Qh7+ Ke8 36. Qxb7 Bg5 37. f6 Bxe3+ 38. Kg2 Rc7 39. Qxa6 Kf7 40. Ne2 Qc8 41.
Qxc8 Rxc8 42. exd5 Nc3 43. Ng3 Bf4 44. Nf5 Rd8 45. d4 Kxf6 46. Nh4 Nxd5 47.
dxe5+ Kxe5 48. Rd1 Bg5 49. Re1+ Kd4 50. Nf5+ Kc4 51. Re4+ Kb3 52. a6 Nxb4 53.
a7 Nc6 54. Nd6 Nxa7 55. Nb7 Rd5 56. Re6 b4 57. Ra6 Be3 58. Re6 Bd2 59. Nd6 Rxd6
60. Rxd6 Kc2 61. Re6 Nb5 62. Rb6 Nd4 63. Rd6 Kd3 64. Kg1 b3 65. Rb6 Kc2 66. Rd6
Bc3 67. Rd8 b2 68. Rc8 Kd1 69. Rb8 Kc1 70. Re8 Bd2 0-1

[Event "Tch-CRO 1stB Liga 2017"]
[Site "Mali Losinj"]
[Date "2017.10.05"]
[Round "8.21"]
[White "Feller, Sebastien"]
[Black "Brkic, Ante"]
[Result "1/2-1/2"]
[WhiteElo "2569"]
[BlackElo "2563"]
[PlyCount "164"]
[EventDate "2017.09.28"]
[EventType "team"]
[EventRounds "9"]
[EventCountry "CRO"]

1. d4 Nf6 2. c4 e6 3. Nf3 d5 4. g3 Bb4+ 5. Bd2 Be7 6. Bg2 c6 7. Qc2 Nbd7 8. O-O
b6 9. Bf4 Bb7 10. Nc3 dxc4 11. Nd2 Nd5 12. Nxc4 Nxf4 13. gxf4 O-O 14. Rfd1 Qc7
15. e3 Rad8 16. Rac1 c5 17. d5 exd5 18. Bxd5 Nf6 19. Bxb7 Qxb7 20. Rxd8 Rxd8
21. Rd1 Qc8 22. Rxd8+ Bxd8 23. Qd3 Qg4+ 24. Kf1 Qh3+ 25. Ke1 Be7 26. Nd5 Bf8
27. Nxf6+ gxf6 28. Nd2 Qxh2 29. Qd7 h5 30. Ke2 Qg2 31. Nf3 Qg6 32. Qd5 Qc2+ 33.
Nd2 Qxb2 34. Qxh5 Qb5+ 35. Kd1 Qd7 36. Qf3 f5 37. Qg2+ Bg7 38. Qa8+ Kh7 39.
Qh1+ Bh6 40. Ke1 Qe6 41. Qh5 Kg7 42. Nf3 Bxf4 43. Nh4 Be5 44. Nxf5+ Kf6 45. Nh6
Bc3+ 46. Kf1 Qxa2 47. Ng8+ Ke6 48. Qg4+ Kd6 49. Qe4 Qd5 50. Qe7+ Kc6 51. Qe8+
Kc7 52. Ne7 Qd1+ 53. Kg2 Qg4+ 54. Kf1 Qc4+ 55. Kg1 Qg4+ 56. Kf1 Qc4+ 57. Kg1
Qe6 58. e4 Qg4+ 59. Kf1 Qd1+ 60. Kg2 Qg4+ 61. Kf1 Qxe4 62. Qxf7 Qh1+ 63. Ke2
Qe4+ 64. Kf1 Qh1+ 65. Ke2 Qe1+ 66. Kf3 Qd1+ 67. Kg2 Qg4+ 68. Kf1 Qg7 69. Qe6
Qe5 70. Qc8+ Kd6 71. Nf5+ Kd5 72. Ne3+ Ke4 73. Qg4+ Qf4 74. Qxf4+ Kxf4 75. Nd5+
Ke5 76. Nxc3 Kd4 77. Nb5+ Kd3 78. Nxa7 c4 79. Ke1 c3 80. Kd1 c2+ 81. Kc1 Ke4
82. Kxc2 Kf3 1/2-1/2

[Event "Tch-CRO 1stB Liga 2017"]
[Site "Mali Losinj"]
[Date "2017.10.05"]
[Round "8.22"]
[White "Petkov, Vladimir"]
[Black "Bogut, Zeljko"]
[Result "1/2-1/2"]
[WhiteElo "2495"]
[BlackElo "2411"]
[PlyCount "117"]
[EventDate "2017.09.28"]
[EventType "team"]
[EventRounds "9"]
[EventCountry "CRO"]

1. d4 c5 2. d5 Nf6 3. Nc3 d6 4. e4 a6 5. a4 g6 6. h3 Bg7 7. Nf3 O-O 8. Be2 e6
9. O-O exd5 10. exd5 Re8 11. a5 Nbd7 12. Bg5 b5 13. axb6 h6 14. Bh4 Nxb6 15.
Nd2 Bb7 16. Bf3 Qc7 17. Bg3 Nfd7 18. Na4 c4 19. Nxb6 Nxb6 20. c3 Be5 21. Bxe5
Rxe5 22. Re1 Rae8 23. Rxe5 Rxe5 24. Nf1 Qc5 25. Ne3 f5 26. Qd2 Kg7 27. h4 h5
28. Rd1 f4 29. Nc2 Nxd5 30. Nb4 Nxb4 31. cxb4 Qb6 32. Bxb7 Qxb7 33. Qxd6 Qe7
34. Qd4 Kh7 35. Qxf4 Re1+ 36. Rxe1 Qxe1+ 37. Kh2 Qxb4 38. Qf7+ Kh6 39. Qf6 Qb8+
40. g3 Qc8 41. Kg1 Kh7 42. Kf1 Qb7 43. Qe5 a5 44. Qd4 Qb5 45. Ke1 Qb4+ 46. Kd1
a4 47. Kc2 Qb3+ 48. Kc1 Kg8 49. g4 hxg4 50. Qxg4 Qd3 51. Qd1 a3 52. Qxd3 axb2+
53. Kxb2 cxd3 54. Kc3 Kh7 55. Kxd3 Kh6 56. Ke4 Kh5 57. f4 Kxh4 58. f5 gxf5+ 59.
Kxf5 1/2-1/2

[Event "Tch-CRO 1stB Liga 2017"]
[Site "Mali Losinj"]
[Date "2017.10.05"]
[Round "8.23"]
[White "Galic, Ivan"]
[Black "Stocko, Josip"]
[Result "1-0"]
[WhiteElo "2395"]
[BlackElo "2362"]
[PlyCount "61"]
[EventDate "2017.09.28"]
[EventType "team"]
[EventRounds "9"]
[EventCountry "CRO"]

1. e4 c5 2. Nf3 d6 3. d4 cxd4 4. Qxd4 a6 5. c4 Nc6 6. Qe3 g6 7. h3 Bg7 8. Be2
Nf6 9. O-O Nd7 10. Rd1 Qb6 11. Qd2 Nde5 12. Nc3 Nxf3+ 13. Bxf3 Nd4 14. Bg4 Bxg4
15. hxg4 Qc6 16. Qd3 b5 17. cxb5 Nxb5 18. Nd5 Qb7 19. a4 Nd4 20. Bg5 Nc6 21.
Rac1 Rc8 22. b4 h6 23. Rxc6 hxg5 24. Rxa6 O-O 25. Qb5 Qxb5 26. Nxe7+ Kh7 27.
axb5 Rc4 28. Nc6 Rxe4 29. b6 Ree8 30. b7 Be5 31. Rb6 1-0

[Event "Tch-CRO 1stB Liga 2017"]
[Site "Mali Losinj"]
[Date "2017.10.05"]
[Round "8.24"]
[White "Goric, Esad"]
[Black "Bender, Ivan"]
[Result "0-1"]
[WhiteElo "2285"]
[BlackElo "2231"]
[PlyCount "90"]
[EventDate "2017.09.28"]
[EventType "team"]
[EventRounds "9"]
[EventCountry "CRO"]

1. Nf3 Nf6 2. d4 g6 3. g3 Bg7 4. Bg2 O-O 5. O-O d5 6. c4 c6 7. cxd5 Nxd5 8. Nc3
Nxc3 9. bxc3 Qa5 10. Bd2 Qa6 11. Re1 Be6 12. Bf1 Nd7 13. a4 Bc4 14. Bf4 Qa5 15.
Qc1 Rfe8 16. Qb2 Ba6 17. e4 e5 18. Bd2 Bxf1 19. Rxf1 exd4 20. cxd4 Qh5 21. Ra3
b6 22. Qc2 Rac8 23. Kg2 h6 24. Re1 g5 25. h3 Qg6 26. Rae3 Nf8 27. Bc3 Ne6 28.
Qb2 Rcd8 29. Kg1 Rd7 30. R3e2 Red8 31. Rd2 Qh5 32. Kg2 g4 33. hxg4 Qxg4 34. Nh2
Qg6 35. Nf3 Qg4 36. Nh2 Qg6 37. Nf3 Nf4+ 38. Kf1 Qg4 39. Ng1 Ne6 40. f3 Qh5 41.
Red1 Ng5 42. Kg2 Qg6 43. d5 Bxc3 44. Qxc3 cxd5 45. Rxd5 Nxe4 0-1

[Event "Tch-CRO 1stB Liga 2017"]
[Site "Mali Losinj"]
[Date "2017.10.05"]
[Round "8.25"]
[White "Brnas, Augustin"]
[Black "Pucovski, Miroslav"]
[Result "1/2-1/2"]
[WhiteElo "2203"]
[BlackElo "2291"]
[PlyCount "66"]
[EventDate "2017.09.28"]
[EventType "team"]
[EventRounds "9"]
[EventCountry "CRO"]

1. e4 c5 2. Nf3 Nc6 3. Bb5 e6 4. c4 Nge7 5. O-O e5 6. Nc3 Ng6 7. d3 d6 8. Nd5
Bd7 9. Bg5 f6 10. Be3 Be7 11. a3 O-O 12. b4 Nd4 13. Bxd4 cxd4 14. Bxd7 Qxd7 15.
Nd2 Bd8 16. Qh5 Ne7 17. Nxe7+ Bxe7 18. f4 g6 19. Qf3 Kh8 20. f5 g5 21. Rfb1 Rg8
22. h3 g4 23. hxg4 Rg5 24. Nf1 Rag8 25. Nh2 Bf8 26. Qh3 Qf7 27. Kf2 h5 28. Rh1
Bh6 29. Rag1 R5g7 30. Nf1 Rg5 31. gxh5 Rg4 32. g3 Qd7 33. Nh2 R4g7 1/2-1/2

[Event "Tch-CRO 1stB Liga 2017"]
[Site "Mali Losinj"]
[Date "2017.10.05"]
[Round "8.26"]
[White "Bubalovic, Davorin"]
[Black "Ivankovic, Ivo"]
[Result "1/2-1/2"]
[WhiteElo "2241"]
[BlackElo "2129"]
[PlyCount "96"]
[EventDate "2017.09.28"]
[EventType "team"]
[EventRounds "9"]
[EventCountry "CRO"]

1. e4 e6 2. d4 d5 3. Nc3 dxe4 4. Nxe4 Bd7 5. Nf3 Bc6 6. Bd3 Nd7 7. O-O Ngf6 8.
Nxf6+ Nxf6 9. c3 Bxf3 10. Qxf3 c6 11. Re1 Be7 12. Qg3 Qd5 13. Re5 Qd7 14. Qf3
h6 15. Bd2 Nd5 16. a4 Bf6 17. Re2 Bg5 18. c4 Nc7 19. Bc3 O-O 20. Bc2 f5 21. Rd1
Rad8 22. a5 Bf6 23. Red2 Qe8 24. Ba4 Qg6 25. Bb4 Rf7 26. Bc5 a6 27. Bb6 Rdd7
28. d5 exd5 29. Bxc7 Rxc7 30. cxd5 Bg5 31. Rd3 Rf8 32. d6 Rd7 33. Bb3+ Kh8 34.
Qg3 Qe8 35. h4 Bf6 36. Re3 Qh5 37. Qf3 Qxf3 38. Rxf3 Be5 39. Bc2 Rxd6 40. Rxd6
Bxd6 41. Rxf5 Rxf5 42. Bxf5 Bb4 43. Bc8 Bxa5 44. Bxb7 g5 45. h5 Bb4 46. Kf1 a5
47. Bxc6 Kg7 48. Ke2 Kf6 1/2-1/2